Tiếp thị trong thế kỷ 21

Cung cấp những kiến thức mới nhất về hoạt động tiếp thị trong thế kỷ 21. Là cuốn giáo trình cho những người học về chuyên ngành quản lý kinh doanh.

Na minha lista:
Detalhes bibliográficos
Autor principal: Mai, Thanh Hào
Formato: Livro
Idioma:Undetermined
Publicado em: Tp. Hồ Chí Minh Trẻ 2002
Assuntos:
Tags: Adicionar Tag
Sem tags, seja o primeiro a adicionar uma tag!
Thư viện lưu trữ: Trung tâm Học liệu Trường Đại học Cần Thơ
LEADER 00724nam a2200181Ia 4500
001 CTU_48163
008 210402s9999 xx 000 0 und d
082 |a 658.8 
082 |b H108 
100 |a Mai, Thanh Hào 
245 0 |a Tiếp thị trong thế kỷ 21 
245 0 |c Mai Thanh Hào, Lê Khánh Trường 
260 |a Tp. Hồ Chí Minh 
260 |b Trẻ 
260 |c 2002 
520 |a Cung cấp những kiến thức mới nhất về hoạt động tiếp thị trong thế kỷ 21. Là cuốn giáo trình cho những người học về chuyên ngành quản lý kinh doanh. 
650 |a Marketing 
980 |a Trung tâm Học liệu Trường Đại học Cần Thơ